| 000 | 01063nam a2200289 4500 | ||
|---|---|---|---|
| 001 | 11731 | ||
| 003 | ES-MaACL | ||
| 005 | 20250804062524.0 | ||
| 007 | t| | ||
| 008 | 000000r19951980sp ||||0| spa j | ||
| 016 | 7 | _zIBH8405718592 | |
| 020 | _a84-206-1767-9 | ||
| 040 |
_aIBH _bspa _cM-BN-DP |
||
| 080 | _a820-21"16" | ||
| 100 | 1 |
_aShakespeare, William, _d1564-1616 _9105992 |
|
| 245 | 1 | 3 |
_aEl rey Lear / _cWilliam Shakespeare ; edición y traducción [del inglés] Instituto Shakespeare ; bajo la dirección de Manuel Angel Conejero. |
| 250 | _a1ª ed., 6ª reimp. en el "Libro de Bolsillo". | ||
| 260 |
_aMadrid : _bAlianza Editorial, _c1980 ( _g1995 imp.) |
||
| 300 |
_a184 p ; _c18 cm. |
||
| 490 | 1 |
_aEl libro de bolsillo ; _v767 : Sección Clásicos |
|
| 700 | 1 |
_aConejero Dionís-Bayer, Manuel Angel. _940155 |
|
| 710 | 2 |
_aUniversidad de Valencia. _bInstituto Shakespeare. _97330 |
|
| 830 | 0 | 3 |
_aEl libro de bolsillo _v767 : Sección Clásicos _9177802 |
| 852 |
_aES-MaACL _jL-19022 _bR.125084 |
||
| 999 |
_c11731 _d11731 |
||